000 01128cam a2200229 4500
001 WB@3612-584
008 040715n2004 000 0 eng u
035 _a(Sirsi) u126788
245 2 _aA greener England
260 _c2004
490 _aCABE Press Release
_v12 July 2004 (4)
520 _aA new report by CABE, "Is the grass greenerƯ? - learning from international innovations in green space management", looks at public parks and gardens in England and compares them to 11 other cities across the world. It claims that we need to follow examples set by cities like Melbourne, Minneapolis and Curitiba in Brazil, in order to improve the quality of our parks and make our cities places that people really want to live. The full report can be viewed at: http://www.cabe.org.uk/publications/. http://www.cabe.org.uk/news/press/showPRelease.asp ?id=645
590 _aWB
590 _aWB
650 _aPUBLIC PARKS
650 _aGREEN SPACES
650 _aPARKLAND
650 _aPUBLIC SPACE
650 _aCOMMISSION FOR ARCHITECTURE AND THE BUILT ENVIRONMENT
690 _aLEISURE AND RECREATION
942 _n0
999 _c117704
_d117704